Kanban - ste na ťahu!

Guardado en:
Detalles Bibliográficos
Autor principal: Mičieta, Branislav
Formato: Libro
Lenguaje:eslovaco
Publicado: Žilina Slovenské centrum produktivity 2001
Materias:
Etiquetas: Agregar Etiqueta
Sin Etiquetas, Sea el primero en etiquetar este registro!

MARC

LEADER 00000nam a2200000 4500
001 c134058
005 20221124104617.7
020 |a 80-968324-2-5 
041 0 |a slo 
044 |a SK 
245 1 0 |a Kanban - ste na ťahu!  |c Branislav Mičieta ... [et al.] 
264 1 |a Žilina  |b Slovenské centrum produktivity  |c 2001 
300 |a 138 s. 
610 2 0 |a výroba 
610 2 0 |a efektívnosť výroby 
610 2 0 |a konkurencia 
610 2 0 |a systémy riadenia 
610 2 0 |a dielne 
610 2 0 |a informácie 
610 2 0 |a riadenie výroby 
610 2 0 |a rozhodovanie 
610 2 0 |a nosiče dát 
610 2 0 |a produkcia 
610 2 0 |a plánovanie výroby 
610 2 0 |a Toyota 
610 2 0 |a kanban 
610 2 0 |a Conwip 
100 1 |a Mičieta, Branislav